MUTHASSAN KATHAKAL (Record no. 7897)
[ view plain ]
| 000 -LEADER | |
|---|---|
| fixed length control field | 02056nam a22001577a 4500 |
| 020 ## - INTERNATIONAL STANDARD BOOK NUMBER | |
| ISBN | 978-93-90929-64-1 |
| 082 ## - DEWEY DECIMAL CLASSIFICATION NUMBER | |
| Classification number | 894.812.3 |
| Item number | KAD/M |
| 100 ## - MAIN ENTRY--AUTHOR NAME | |
| Personal name | KADAMBAZHIPURAM, KUTTY K N |
| 245 ## - TITLE STATEMENT | |
| Title | MUTHASSAN KATHAKAL |
| 250 ## - EDITION STATEMENT | |
| Edition statement | SECOND EDITION |
| 260 ## - PUBLICATION, DISTRIBUTION, ETC. (IMPRINT) | |
| Place of publication | THRISSUR |
| Name of publisher | H & C |
| Year of publication | 2022 |
| 300 ## - PHYSICAL DESCRIPTION | |
| Number of Pages | 48 |
| 520 ## - SUMMARY, ETC. | |
| Summary, etc | ”രസകരമായ കഥകള് പറയണമതിനാണല്ലോ മാനുഷജന്മം” എന്ന കവിവചനത്തിന് ദൃഷ്ടാന്തമാണ് ഈസോപ്പ് കഥകളും ആയിരത്തൊന്നു രാവുകളും പഞ്ചതന്ത്രം കഥകളും കഥാസരിത്സാഗരവും ജാതകകഥകളും ഹിതോപദേശകഥകളും ഒക്കെ. കുഞ്ഞുമനസ്സുകളില് നന്മയുടെ വിത്തുകള് പാകി, ധര്മബോധത്തിന്റെ വെള്ളവും വളവുമേകുന്ന ആ സാരോപദേശകഥകളുടെ നിരയിലാകും ഈ മുത്തശ്ശന്കഥകള്ക്കും സ്ഥാനം. പണ്ടുപണ്ടൊരു കാലത്തിന്റെ ഉമ്മറക്കോലായിലിരുന്ന് ഏതോ ഒരു മുത്തശ്ശന് പൈതങ്ങളോടു ചൊന്ന ഈ കഥകള് ആ ഇളംകണ്ണുകളില് ഉള്ക്കാഴ്ചയുടെ തിളക്കമേകി. ലളിതമായ ചൊല്ഭാഷാശൈലി പിന്തുടരുന്നതും രസകരമായ സന്ദര്ഭങ്ങളിലൂടെ മുന്നേറുന്നതുമായ ഈ ഉണ്ണികഥകളില് ഇന്നലെകളുണ്ട്, ഇന്നുണ്ട്, നാളെകളുമുണ്ട് |
| 650 ## - SUBJECT ADDED ENTRY--TOPICAL TERM | |
| Topical Term | MALAYALAM CHILDREN'S LITERATURE |
| Geographic subdivision | KERALA |
| 942 ## - ADDED ENTRY ELEMENTS (KOHA) | |
| Koha item type | Books |
| Withdrawn status | Lost status | Collection code | Home library | Current library | Shelving location | Date acquired | Source of acquisition | Cost, normal purchase price | Full call number | Accession Number | Koha item type |
|---|---|---|---|---|---|---|---|---|---|---|---|
| Fiction | Main Library | Main Library | NEW SHELF WITH NEW ENTRY | 12/12/2023 | purchase | 60.00 | 894.812.3 KAD/M | 13497 | Books |